Kraje BRICS i strefy Schengen - Statystyki

Ogólne statystyki
  • Ten quiz został rozwiązany 40 razy
  • Średni wynik to 25 z 34
Statystyki odpowiedzi
Hint Odpowiedź % Poprawnych
Schengen Polska
93%
Schengen które nie jest w UE Norwegia
90%
Schengen Norwegia
90%
Schengen Austria
87%
Schengen Finlandia
87%
Schengen Niemcy
87%
Schengen Szwecja
87%
Schengen Estonia
83%
Schengen Francja
83%
Schengen Hiszpania
83%
Schengen Portugalia
83%
Schengen Grecja
80%
Schengen Holandia
80%
Schengen Litwa
80%
Schengen Łotwa
80%
Schengen które nie jest w UE Szwajcaria
80%
Schengen Dania
77%
Schengen które nie jest w UE Islandia
77%
Schengen Luksemburg
77%
Schengen Rumunia
77%
Schengen Chorwacja
73%
Schengen Słowenia
73%
Schengen Węgry
73%
Schengen Włochy
73%
Schengen Belgia
70%
Schengen Czechy
70%
Schengen Słowacja
70%
Schengen Bułgaria
67%
Schengen które nie jest w UE Liechtenstein
60%
BRICS (oprocz tych ktore sa w nazwie) Iran
57%
Schengen Malta
53%
BRICS (oprocz tych ktore sa w nazwie) Egipt
47%
BRICS (oprocz tych ktore sa w nazwie) Etiopia
43%
BRICS (oprocz tych ktore sa w nazwie) ZEA
33%
Nie znaleziono quizów pasujących do podanych kryteriów
Rozkład punktacji
Procent ludzi z każdym wynikiem
Percentyl według liczby udzielonych odpowiedzi
Twoja historia wyników
Nie rozwiązałeś tego quizu